000 00750cam a2200265 4500500
005 20260405003557.0
041 _afre
042 _adc
100 1 0 _aEnjalbert, Cédric
_eauthor
700 1 0 _aPernes, Caroline
_eauthor
245 0 0 _aPour repartir sur de bonnes bases
260 _c2022.
500 _a13
690 _aBouddhisme
690 _aConsommation
690 _aDétachement
690 _aforêt
690 _aLimites
690 _aMinimalisme
690 _aréduction
690 _aSobriété
690 _aUltra-Trail
786 0 _nPhilosophie magazine | 163 | 10 | 2022-10-01 | p. 33-35 | 1951-1787
856 4 1 _uhttps://shs.cairn.info/magazine-philosophie-magazine-2022-10-page-33?lang=fr&redirect-ssocas=7080
999 _c2068914
_d2068914